000 00790nam a22002173 4500
001 200744
090 _a200744
100 _a20260225d u||y0pory50 ba
200 _aElegia de ausencias
_fPablo Luis Avila
_gdisegni di Enrico Colombotto Rosso ; testo in italiano di Tullio Masserano
210 _aTorino
_cVincenzo Bona
_d[19--?]
215 _a50, [1] p.
_cil. ; brochado
_d22 cm
300 _a. - Texto em Italiano
317 _a. - oferta do escritor ao Prof. DR .Almeida Faria em 1978
606 _93684
_aLiteratura Espanhola -- Poesia
675 _a821.134.2-1
_vIT
_zita
700 _916496
_aAvila
_bPablo Luis
_f1932-
702 _916497
_aRosso
_bEnrico Colombotto
_f1925-2013
702 _916498
_aMasserano
_bTullio
_f1900-1995
801 _aPT
_bBMMN
_gRPC
830 _cAna
_fAna
990 _cLIVROS